000
00347nam a2200157 a 4500
003
DLC
005
20210219152738.0
022
_a
0009-3947
035
_a
UPN01000059732
245
0
0
_a
CHILD EDUCATION
260
_a
EUA :
_b
Scholastic Education Ltd.,
_c
1924
310
_a
Mensual
653
0
_a
NIÑOS
905
_a
Revista
999
_c
59646
_d
59646